शततारका (Record no. 452366)

MARC details
000 -LEADER
fixed length control field 00462nam a2200145Ia 4500
008 - FIXED-LENGTH DATA ELEMENTS--GENERAL INFORMATION
fixed length control field 100204s9999 xx 000 0 und d
082 ## - DEWEY DECIMAL CLASSIFICATION NUMBER
Item number 7930
100 ## - MAIN ENTRY--PERSONAL NAME
Personal name क्षेत्रमाडे सुमती
245 ## - TITLE STATEMENT
Title शततारका
260 ## - PUBLICATION, DISTRIBUTION, ETC. (IMPRINT)
Name of publisher, distributor, etc "बांदोडकर पब्लिशिंग हाऊस, गोवा"
Date of publication, distribution, etc 1985
300 ## - PHYSICAL DESCRIPTION
Extent 216
630 ## - SUBJECT ADDED ENTRY--UNIFORM TITLE
Uniform title शततारका
730 ## - ADDED ENTRY--UNIFORM TITLE
Uniform title शततारका
942 ## - ADDED ENTRY ELEMENTS (KOHA)
Koha item type Book
Holdings
Withdrawn status Lost status Damaged status Not for loan Home library Current library Date acquired Cost, normal purchase price Total Checkouts Full call number Barcode Date last seen Cost, replacement price Price effective from Koha item type
        N. C. Kelkar Sarvajanik Library, Mulund N. C. Kelkar Sarvajanik Library, Mulund 02/04/2010 35.00   7930 NCKMULUND-7930 02/04/2010 35.00 02/04/2010 Book